| 000 | 00422nam a2200145 4500 | ||
|---|---|---|---|
| 005 | 20260325114258.0 | ||
| 008 | 260325b |||||||| |||| 00| 0 eng d | ||
| 020 | _a978-93-525-3310-7 | ||
| 100 | _aMurugeshan R & Sivaprasath Kiruthiga | ||
| 245 |
_aModern Physics _c/ R Murugeshan |
||
| 250 | _a18th ed | ||
| 260 |
_aNew Delhi; _bS Chand and Company Limited; _c2016 |
||
| 300 |
_aXVI,1067p.ill; _c23.7cm |
||
| 942 |
_2lcc _n0 _cBK |
||
| 999 |
_c195 _d195 |
||